Arto superiore - Statistics

Statistiche generali
  • Questo quiz è stato fatto 3 volte
  • Il punteggio medio è 11 su 67
Statistiche sulle risposte
Risposta % Corretto
scafoide
100%
capitato
67%
piramidale
67%
pisiforme
67%
semilunare
67%
trapezio
67%
trapezoide
67%
uncinato
67%
anulare del radio
33%
collaterale radiale
33%
collaterale ulnare
33%
glenomerale
33%
glenomerale
33%
interfalangee
33%
interossei
33%
membrana interossea
33%
metacarpale trasverso profondo
33%
palmare
33%
palmare
33%
quadrato
33%
radiocarpica
33%
radiocarpico dorsale
33%
radiocarpico palmare
33%
radioulnare prossimale
33%
sindesmosi radioulnare
33%
acromioclavicolare
0%
acromioclavicolare
0%
anteriore
0%
carpometacarpiche
0%
carpometacarpico dorsale
0%
carpometacarpico palmare
0%
collaterali
0%
collaterali
0%
collaterali del carpo
0%
collaterali radiali
0%
collaterali ulnari
0%
coracoclavicolare coroide
0%
coracoclavicolare trapezoide
0%
coracomerale
0%
corda obliqua
0%
costoclavicolare
0%
glomerale
0%
intercarpiche
0%
intercarpici dorsali
0%
intercarpici palmari
0%
interclavicolare
0%
intermetacarpiche
0%
interosseo
0%
intrinseci
0%
mediocarpica
0%
metacarpico dorsale
0%
metacarpico interosseo
0%
metacarpico palmare
0%
metacarpofalangea
0%
omeroradiale
0%
omeroulnare
0%
osso piriforme
0%
posteriore
0%
radioulnare anteriore
0%
radioulnare distale
0%
radioulnare posteriore
0%
raggiato del carpo
0%
scapolotoracica
0%
sottodeltoidea
0%
sternoclavicolare
0%
trasverso dell'omero
0%
ulnocarpico palmare
0%
Nessun quiz corrispondente trovato
Distribuzione punteggi
Percentuale di utenti per punteggio
Percentile per numero di risposta
I tuoi punteggi nel tempo
Non hai fatto questo quiz